| 000 | 00324nam a22001337a 4500 | ||
|---|---|---|---|
| 003 | SGT | ||
| 020 | _a9789870553151 | ||
| 082 |
_a144 _bH08G |
||
| 100 | _aGARCIA, FERNANDO ALBERTA | ||
| 245 | _aHUMANISM IN INDIA NOTES FOR A STUDY OF HISTORY | ||
| 260 |
_bFOUNDATON FOR HUMANIZATION _c2008 |
||
| 300 | _a288 | ||
| 942 |
_2ddc _cBK |
||
| 999 |
_c29048 _d29048 |
||